header

Beyond six billion (Record no. 162974)

MARC details
000 -LEADER
fixed length control field 01734nam a2200337 a 4500
082 04 - DEWEY DECIMAL CLASSIFICATION NUMBER
Classification number 304.6/2/0112
245 10 - TITLE STATEMENT
Title Beyond six billion
260 ## - PUBLICATION, DISTRIBUTION, ETC. (IMPRINT)
Place of publication Washington, D.C. :
Name of publisher National Academy Press,
Year of publication c2000.
300 ## - PHYSICAL DESCRIPTION
Number of Pages xviii, 236 p. :
Other physical details ill.
500 ## - GENERAL NOTE
General note "The project that is the subject of this report was approved by the Governing Board of the National Research Council, whose members are drawn from the councils of the National Academy of Sciences, the National Academy of Engineering, and the Institute of Medicine."
650 #0 - SUBJECT ADDED ENTRY--TOPICAL TERM
Topical Term Population forecasting.
700 1# - ADDED ENTRY--PERSONAL NAME
Personal name Bongaarts, John,
Personal name Bulatao, Rodolfo A.,
856 40 - ELECTRONIC LOCATION AND ACCESS
Uniform Resource Identifier http://site.ebrary.com/lib/rucke/Doc?id=10038738

No items available.

© 2026 Rongo University
Contact us: librarian | system librarian | Rongo university